verbe à traduire en anglais - Statistiques

Statistiques générales
  • Ce quiz a été pris 1 026 fois
  • Le résultat moyen est 17 sur 20
Statistiques - réponses
Hint Réponse % Correct
Etre Be
99%
Avoir Have
99%
Dormir Sleep
99%
Manger Eat
98%
Chanter Sing
98%
Prendre Take
98%
Faire Do
97%
Rever Dream
97%
Aller Go
97%
Nager Swim
97%
Gagner Win
97%
Boire Drink
96%
Apprendre Learn
96%
Lire Read
96%
Courir Run
96%
Ecrire Write
96%
Couper Cut
95%
Donner Give
95%
Voir See
95%
Penser Think
95%
Construire Build
94%
Acheter Buy
94%
Choisir Choose
94%
Trouver Find
94%
Envoyer Send
94%
Comprendre Understand
94%
Venir Come
93%
Conduire Drive
93%
Tomber Fall
93%
Connaître Know
93%
Rencontrer Meet
93%
Devenir Become
92%
Parler Speak
92%
Mettre Put
89%
Dire Say
89%
Garder Keep
88%
Payer Pay
88%
Perdre Lose
87%
Etre assis Sit
87%
Dire / Raconter Tell
87%
Brûler Burn
86%
Se réveiller Wake Up
86%
Casser Break
84%
Entendre Hear
84%
Vendre Sell
84%
Sentir Smell
84%
Montrer Show
83%
Attraper Catch
81%
Quitter Leave
81%
Coûter Cost
80%
Combattre Fight
80%
Ressentir Feel
78%
Commencer Begin
77%
Grandir Grow
77%
Faire Make
77%
Cacher Hide
76%
Apporter Bring
73%
Pardonner Forgive
73%
Vouloir dire / Signifier Mean
72%
Dépenser Spend
70%
Interdire Forbid
68%
Frapper Hit
67%
Jeter Throw
67%
Blesser Hurt
66%
Mener Lead
62%
Tenir Hold
59%
Obtenir Get
54%
Porter Wear
50%
Permettre allow
46%
Fermer Shut
46%
Prêter Lend
32%
Accrocher Hang
26%
Aucun quiz correspondant
Distribution des résultats
% des personnes avec chaque résultat
Percentile par nombre de réponses
Votre historique - résultats
Vous n’avez pas pris ce quiz